Código de enjuiciamientos en materia civil del Perú
Wedi'i Gadw mewn:
| Prif Awdur: | |
|---|---|
| Fformat: | Llyfr |
| Iaith: | Sbaeneg |
| Cyhoeddwyd: |
Lima
Imprenta del Gobierno
1852
|
| Pynciau: | |
| Tagiau: |
Ychwanegu Tag
Dim Tagiau, Byddwch y cyntaf i dagio'r cofnod hwn!
|
MARC
| LEADER | 00000nam a2200000 a 4500 | ||
|---|---|---|---|
| 001 | UCH2167 | ||
| 003 | CL-VaPUC | ||
| 008 | 090604e18520000PE |||||||||||||||||spa|d | ||
| 082 | 0 | 4 | |a 346.0026 |b ARA |2 21 |
| 100 | 0 | |a Aranda, Eusebio |e author |9 536828 | |
| 245 | 1 | 0 | |a Código de enjuiciamientos en materia civil del Perú |
| 300 | |a 305 p | ||
| 942 | |c BK | ||
| 945 | |d 20090604 00:00:00 |a rbrito | ||
| 260 | |a Lima |b Imprenta del Gobierno |c 1852 | ||
| 650 | 0 | |a Derecho civil peruano |9 452635 | |
| 650 | 7 | |a CODIGO DE PROCEDIMIENTO CIVIL PERUANO |2 CL-VaPUC |9 536829 | |
| 651 | 0 | |a Perú |9 256567 | |
| 583 | |a last modification |c 20161026 01:38:11 |k Rodrigo Vera | ||
| 999 | |c 333955 |d 333953 | ||
| 952 | |0 0 |1 0 |4 0 |6 346_002600000000000_ARA_1852 |7 0 |8 X |9 422641 |a FDOBUD |b FDOBUD |d 2019-11-22 |i 4557158 |o 346.0026 ARA 1852 |p 4557158 |r 2019-11-22 |w 2019-11-22 |y BK_X |k BUD | ||